A revenue menedzsment jelentősége és versenyképesség javító hatása a hazai szállodaiparban

Bibliographic Details
Main Author: Pap-Kuttor Ildikó
Other Authors: Juhász Dr. László
Format: Thesis
Kulcsszavak:Revenue menedzsment
versenyképesség
bevétel optimalizálás
Online Access:http://dolgozattar.uni-bge.hu/16904

MARC

LEADER 00000nta a2200000 i 4500
001 dolg16904
005 20180911153444.0
008 180517suuuu hu om 000 hun d
040 |a BGE Dolgozattár Repozitórium  |b hun 
041 |a hu 
100 1 |a Pap-Kuttor Ildikó 
245 1 2 |a A revenue menedzsment jelentősége és versenyképesség javító hatása a hazai szállodaiparban  |c Pap-Kuttor Ildikó  |h [elektronikus dokumentum] 
246 1 1 |a A revenue menedzsment jelentősége és versenyképesség javító hatása a hazai szállodaiparban 
695 |a Revenue menedzsment 
695 |a versenyképesség 
695 |a bevétel optimalizálás 
700 1 |a Juhász Dr. László  |e ths 
856 4 0 |u http://dolgozattar.uni-bge.hu/16904/1/Pap-Kuttor%20Ildik%C3%B3%20-%20Szakdolgozat%20-%20MA.pdf  |z Dokumentum-elérés